000 00513nam a2200193 i 4500
001 bg
100 1 _aO`SHAUGHNESSY, John.
245 0 _aOrganizacja zarządzania w przedsiębiorstwie /
_cJ. O`Shaughnessy.
250 _aWyd.2.
260 _aWarszawa,
_c1975.
650 9 _aDecyzje
_xgospodarka
_xmetody
650 9 _aZarządzanie
_xmetody
650 9 _aPrzedsiębiorstwo
_xorganizacja
040 _cBPK
041 _apol
080 _a658.1/.5.012
942 _cKS
008 s pl f |000 0 pol
999 _c2231
_d2231
856 _uhttp://koha.tu.koszalin.pl/cgi-bin/koha/opac-detail.pl?biblionumber=2231
_yKatalog online BPK